| 000 | 01510nam a22004097a 4500 | ||
|---|---|---|---|
| 999 |
_c11512 _d11512 |
||
| 008 | 181206b ||||| |||| 00| 0 eng d | ||
| 020 | _a971-685-814-3 | ||
| 082 |
_2©2016 _aDFil 371.12076 _bL567 |
||
| 245 |
_aLET Comprehensive reviewer : _bBased on the NCTBS and table of specifications (TOS): professional education BEEd & BSEd volume 2 / |
||
| 260 |
_aMetro Manila : _bLorimar Publishing Inc., _c©2016. |
||
| 300 |
_avi, 146 pages : _c26 cm. |
||
| 500 | _aIncludes bibliographical references. | ||
| 650 |
_aTeacher examination _xReviewer _932995 |
||
| 700 |
_aBautista, Allen U. _932996 |
||
| 700 |
_aPrieto, Nelia G. _96601 |
||
| 700 |
_aVega, Violeta A. _932997 |
||
| 700 |
_aAbrogena, Lilibeth G. _932998 |
||
| 700 |
_aAragon, Jovenita A. _932999 |
||
| 700 |
_aCajigal, Aris Reymond V. _933000 |
||
| 700 |
_aDues, Irol Francis L. _933001 |
||
| 700 |
_aGallardo, Filomena Barbara R. _933002 |
||
| 700 |
_aLasaten, Ronald Candy S. _933003 |
||
| 700 |
_aLopez, Ma. Eliza S. _933004 |
||
| 700 |
_aLorenzo, Natividad E. _933005 |
||
| 700 |
_aMacugay, Eva B. _933006 |
||
| 700 |
_aMatir, Aleli R. _933007 |
||
| 700 |
_aMateo, Resurrection M. _933008 |
||
| 700 |
_aMina, Rose Francis E. _933009 |
||
| 700 |
_aNagtalon, Edna C. _933010 |
||
| 700 |
_aPacis, Estrella R. _933011 |
||
| 700 |
_aPedro, Lily Ann C. _933012 |
||
| 700 |
_aSamson, Eliza T. _933013 |
||
| 700 |
_aSanchez, Cellenie I. _933014 |
||
| 700 |
_aSeatriz, Artemio P. _933015 |
||
| 365 |
_b593.00 _cPhp |
||
| 942 |
_2ddc _cDRES |
||